R for Everyone: (Record no. 174021)

MARC details
000 -LEADER
fixed length control field 00606nam a22002057a 4500
005 - DATE AND TIME OF LATEST TRANSACTION
control field 20200316105140.0
010 ## - LCCN (DPL NO)
LC control number ENG-128040
020 ## - INTERNATIONAL STANDARD BOOK NUMBER
International Standard Book Number 9789386873521
Terms of availability 730.00
035 ## - SYSTEM CONTROL NUMBER
System control number EN-111572
037 ## - SOURCE OF ACQUISITION
Source of stock number/acquisition DBAD/PUB
082 ## - DEWEY DECIMAL CLASSIFICATION NUMBER
Classification number 005.13
100 ## - MAIN ENTRY--PERSONAL NAME
Personal name Lander,Jared
245 ## - TITLE STATEMENT
Title R for Everyone:
Statement of responsibility, etc by Jared P.Lander
Remainder of title Advanced and Graphics/
250 ## - EDITION STATEMENT
Edition statement 2nd.
260 ## - PUBLICATION, DISTRIBUTION, ETC. (IMPRINT)
Place of publication, distribution, etc Noida
Name of publisher, distributor, etc Pearson
Date of publication, distribution, etc 2020
270 ## - ADDRESS
Address 15th floor,Tower-B,World Trade Tower,plot no.1,Block-c,sector 16
City Noida
300 ## - PHYSICAL DESCRIPTION
Extent xxiii;528p.
Dimensions 24cm(pbk)
500 ## - GENERAL NOTE
General note includes index
942 ## - ADDED ENTRY ELEMENTS (KOHA)
Source of classification or shelving scheme Dewey Decimal Classification
Item type English Books
Classification part 005.13
Call number suffix LAN
Edition .
Holdings
Withdrawn status Lost status Not for loan Collection code Home library Current library Date acquired Source of acquisition Cost, normal purchase price Full call number Barcode Copy number Cost, replacement price Koha item type
      Non-fiction Central Library Central Library 16/03/2020 DBAD/PUB 730.00 005.13 LAN EN-111572 1 730.00 English Books

© Delhi Public Library
Hit Counter
free hit counter